The voice og human justice

Bibliographic Details
Main Author: Jurdāq, Jūrj (Author)
Format: Book
Language:English
Arabic
PhysicalDescription:499 s. 23 cm
Published: Birmingham Al-Mahdi Institute c2006
ISBN:9197629545
Subjects:

MARC

LEADER 00000nam a2200000 a 4500
001 vtls008985682
003 SK-MaSNL
005 20260302005227.0
008 240314s2006 xxk g h 000 0beng
020 |a 9197629545  |q (viaz.) 
040 |a SNK  |b slo  |c SNK  |e AACR2 
041 1 |a eng  |h ara 
043 |a a-su--- 
044 |a xxk  |c GB 
072 7 |a 28  |x Islam  |2 konspekt 
080 |a 28-725  |2 2001 
080 |a 284-726.6  |2 2001 
080 |a 284:34  |2 2001 
080 |a (092)  |2 2001 
080 |a 28-769  |2 2001 
080 |a (048.8)  |2 2001 
100 1 |a Jurdāq, Jūrj  |4 aut  |9 646368 
240 1 0 |a Sauta'l Adalati'l Insaniya  |l Anglicky 
245 1 4 |a The voice og human justice  |c by Georges Jordac 
260 |a Birmingham  |b Al-Mahdi Institute  |c c2006 
300 |a 499 s.  |c 23 cm 
500 |a Prel. z arab. 
500 |a Názov z obalu 
650 0 7 |a islam  |2 SNKPH  |9 1821 
650 0 7 |a imámovia  |2 SNKPH  |9 113999 
650 0 7 |a šiiti  |2 SNKPH  |9 88984 
650 0 7 |a svätá vojna (islam)  |2 SNKPH  |9 67274 
650 0 7 |a islam  |2 SNK  |9 1821 
655 7 |a biografie  |2 SNKPH  |9 27965 
655 7 |a štúdie  |2 SNKPH  |9 57033 
919 |a 91-976295-4-5 
999 |c 998749  |d 1000679 
952 |a SNK  |b SNK  |y VYP  |7 0  |p 17A0551439  |o snkIC 135004  |i snk2007/13054  |8 2  |g 14.94  |0 0  |1 0  |4 0  |d 2007-05-02  |l 0  |r 2026-02-24 12:11:21  |w 2026-02-24